| 000 | 00790nam a22002057a 4500 | ||
|---|---|---|---|
| 003 | OSt | ||
| 005 | 20251127164839.0 | ||
| 008 | 251127b |||||||| |||| 00| 0 eng d | ||
| 020 | _a978-1-4443-3515-6 | ||
| 040 |
_aDWC-Main lib. _cOC |
||
| 082 | _aCirc. 690.068 S474m 2011 | ||
| 100 | _aSenaratne, Sepani | ||
| 245 |
_aManaging change in construction projects : _ba knowledge-based approach/ _cSepani Senaratne |
||
| 260 |
_aU.K. : _bWiley-Blackwell Publishing, _cc2011. |
||
| 300 |
_aix, 188 pages : _billustrations ; _c25 cm. -- (Innovation in the built environment) |
||
| 504 | _aIncludes bibliographical references, appendix. | ||
| 650 | _a1. Building--Superintendence. | ||
| 650 | _a2. Building--Information services. I. Sexton, Martin, 1966- | ||
| 942 |
_2ddc _cBK-CIRC _kCirc. _n0 |
||
| 999 |
_c6523 _d6523 |
||